Algebra IV : Infinite Groups. Linear Groups
Αποθηκεύτηκε σε:
| Άλλοι συγγραφείς: | , |
|---|---|
| Μορφή: | Βιβλίο |
| Γλώσσα: | English Russian |
| Δημοσίευση: |
Berlin :
Springer-Verlag,
c1993.
|
| Σειρά: | Encyclopaedia of mathematical sciences ;
37 |
| Θέματα: | |
| Ετικέτες: |
Προσθήκη ετικέτας
Δεν υπάρχουν, Καταχωρήστε ετικέτα πρώτοι!
|
MARC
| LEADER | 00000cam a2200000 i 4500 | ||
|---|---|---|---|
| 001 | 1/31079 | ||
| 008 | 960725s1993####gw | ||| |||| ||eng|| | ||
| 020 | |a 3540533729 | ||
| 035 | |a 1995 |l 10038735 | ||
| 040 | |a GR-MyUA |b gre |e AACR2 | ||
| 041 | 0 | |a eng |h rus | |
| 082 | 0 | |a 512.2 | |
| 245 | 1 | 0 | |a Algebra IV : |b Infinite Groups. Linear Groups / |c A.I. Kostrikin, I.R. Shafarevich (Eds.). |
| 246 | 3 | 3 | |a Algebra 4 |
| 246 | 3 | 3 | |a Algebra four |
| 246 | 3 | 3 | |a Infinite Groups. Linear Groups |
| 260 | |a Berlin : |b Springer-Verlag, |c c1993. | ||
| 300 | |a 203 σ. ; |c 24 εκ. | ||
| 490 | 1 | |a (Encyclopaedia of mathematical sciences |v ; 37) | |
| 504 | |a Περιέχει βιβλιογραφικές αναφορές και ευρετήριο. | ||
| 650 | 0 | 0 | |a Infinite groups. |
| 650 | 0 | 0 | |a Linear algebraic groups. |
| 700 | 1 | |a Kostrikin, Aleksei Ivanovich, |e edt | |
| 700 | 1 | |a Shafarevich, I. R. |q (Igor Rostislavovich), |d 1923-2017, |e edt | |
| 830 | 0 | |a Encyclopaedia of mathematical sciences ; |v 37 | |
| 852 | |a INST |b SAMOS |e 19960725 |h 512.2 ALG |p 005300005219 |q 005300005219 |t BK |y 0 | ||
| 909 | |a Σ |b 039346 | ||